Statistics for NASCAR Cup Winners at Las Vegas Motor Speedway

Click here to take the quiz!

General Stats

  • This quiz has been taken 533 times
    (24 since last reset)
  • The average score is 31 of 33

Answer Stats

YearWinner% Correct
2014Brad Keselowski
100%
2018Brad Keselowski
100%
2016Brad Keselowski
100%
2021Denny Hamlin
100%
2001Jeff Gordon
100%
2005Jimmie Johnson
100%
2006Jimmie Johnson
100%
2007Jimmie Johnson
100%
2010Jimmie Johnson
100%
2022Joey Logano
100%
2020Joey Logano
100%
2019Joey Logano
100%
2015Kevin Harvick
100%
2018Kevin Harvick
100%
2023Kyle Larson
100%
2021Kyle Larson
100%
2024Kyle Larson
100%
2023William Byron
100%
2022Alex Bowman
94%
2011Carl Edwards
94%
2008Carl Edwards
94%
2020Kurt Busch
94%
2009Kyle Busch
94%
2012Tony Stewart
94%
2017Martin Truex Jr
88%
2019Martin Truex Jr
88%
1998Mark Martin
81%
2013Matt Kenseth
81%
2004Matt Kenseth
81%
2003Matt Kenseth
81%
1999Jeff Burton
75%
2000Jeff Burton
75%
2002Sterling Marlin
75%

Score Distribution

Percentile by Number Answered

Percent of People with Each Score

Your Score History

You have not taken this quiz since the last reset